Регионална библиотека "Любен Каравелов" - Русе

Vocabulary (Запис номер 37058)

MARC детайли
000 -Лидер
Контролно поле с фиксирана дължина 00819nam a2200277 c 4500
003 - Код на организацията, давaща контролен номер
Контролно поле BLK
005 - Дата и час на последна редакция
Контролно поле 20180422100512.0
008 - Елементи от данни с фиксирана дължина
fixed length control field 180408b bul|||||r ||||||| ||bul||
010 ## - Наследен системен номер
LC control number KNG00040180000
020 ## - Международен стандартен номер на книга ISBN
Международен стандартен номер на книга ISBN 0-19-437136-0
-- издат.: Oxford Univ. Press
040 ## - Източник на каталожния запис
Идентификатор на билиотеката - собственик на записа BLK
041 ## - Код за език
Код за езика на текст/звукозапис или на отделно заглавие Английски
Код за езика КДБФ Английски
080 ## - УДК
Текстов определител УДК Езиково обучение
УДК код - определител по УДК 81:37
УДК определител (072)
УДК - код + определител 81:37(072)
100 1# - Редна дума - Автор
Автор MacCarthy, Michael
Авторска отговорност първи автор
R(LIN) 367362
139 ## - Редно поле
Редна дума MacCarthy, Michael
Авторски знак Mac - M 12
245 10 - Сведения за заглавието
Заглавие Vocabulary
Редно поле (дума) Michael MacCarthy.
260 ## - Област на издателските данни
-- Oxford
Име на издателя, разпространителя и проч. Oxford Univ. Press
Година на издаване 1990
300 ## - Физическа характеристика
Страници 173 c.
Размери/Мащаб 25 cm
380 ## - Жанр
Жанр Езикознание. Филология
490 1# - СЕРИИ (Колекции)
Име на серия Language Teaching
852 ## - Местоположение
Форматна сигнатура Цб 169895
856 4# - Електронен адрес и достъп
Електронен формат pdf - файл
Път до файла /url/
856 4# - Електронен адрес и достъп
Електронен формат pdf - файл
Път до файла /url/
942 ## - АРТИКУЛИ
Вид на библиотечния материал Книги
Скрит в OPAC Не
944 ## - СЪЗДАВАНЕ И РЕДАКЦИЯ на ЗАПИСА
Създаване/Редакция Създаване
Дата на регистрацията/редакция 15.01.2003
Служител, извършил регистрацията/редакцията Валентина_Караджова
944 ## - СЪЗДАВАНЕ И РЕДАКЦИЯ на ЗАПИСА
Създаване/Редакция Редакция
Дата на регистрацията/редакция 09.07.2007
Служител, извършил регистрацията/редакцията
999 ## - СИСТЕМНИ КОНТРОЛНИ НОМЕРА
Koha biblionumber 37058
Koha biblioitemnumber 37058
Наличности
Код за отписване Код за изгубен артикул Код за повреда Коз за рестрикции Код за отдаване Артикулен № Име на библиотеката - собственик Име на библиотеката, в която се намира в момента Статус (Текущо местоположение) Дата на вписване в системата Местоположение - отдел Цена в лева Инвентарен номер Систематично азбучна сигнатура Баркод Номер на екземпляра Цена в евро Служебна бележка Служебен тип на артикула
  Не е изгубен Не е повреден без рестрикции заемане за дома 58239 Регионална библиотека "Любен Каравелов" Русе Регионална библиотека "Любен Каравелов" Русе ЧЧЗО - англ. ез. - Британски съвет 2001-01-01 ЧЧЗО - англ. ез. - Британски съвет 0.00 572053 Ч3 800/M12M 572053 1 0.00 Дата инв: 18.03.2015 Бележки инв: Ч32015 Книги
  Не е изгубен Не е повреден без рестрикции заемане за дома 58240 Регионална библиотека "Любен Каравелов" Русе Регионална библиотека "Любен Каравелов" Русе ЧЧЗО - англ. ез. - Британски съвет 2001-01-01 ЧЧЗО - англ. ез. - Британски съвет 0.00 572052 Ч3 800/M12M 572052 2 0.00 Дата инв: 18.03.2015 Бележки инв: Ч32015 Книги
Vip Innovations Ltd, Rousse, Bulgaria 2025